The challenge of euthanasia : (Record no. 9408)
[ view plain ]
| 000 -LEADER | |
|---|---|
| fixed length control field | 00513pam a2200169 a 4500 |
| 020 ## - ISBN | |
| International Standard Book Number | 0819177113 (alk. paper) |
| 050 00 - LIBRARY OF CONGRESS CALL NUMBER | |
| Classification Number | R 726 |
| Item Number | .B25 |
| 100 1# - MAIN ENTRY--Author | |
| Personal name | Bailey, Don V., |
| 245 14 - TITLE | |
| Title | The challenge of euthanasia : |
| Remainder of title | an annotated bibliography on euthanasia and related subjects / |
| Statement of responsibility, etc | Don V. Bailey. |
| 260 ## - PUBLICATION, DISTRIBUTION, ETC.(IMPRINT) | |
| Place of publication, distribution, etc | Lanham, Md. : |
| Name of publisher, distributor, etc | University Press of America, |
| Date of publication, distribution, etc | c1990. |
| 300 ## - PHYSICAL DESCRIPTION | |
| Extent | 395 p. ; |
| 650 #0 - SUBJECT--TOPIC | |
| General subdivision | Abstracts. |
| 650 #0 - SUBJECT--TOPIC | |
| General subdivision | Abstracts. |
| 650 #0 - SUBJECT--TOPIC | |
| General subdivision | Bibliography. |
| 650 #0 - SUBJECT--TOPIC | |
| General subdivision | Bibliography. |
| 942 ## - ADDED ENTRY ELEMENTS(KOHA) | |
| Source of classification or shelving scheme | Library of Congress Classification |
| Koha item type | General circulation |
| Source of classification or shelving scheme | Not for loan | Location (home branch) | Sublocation (holding branch) | Shelving location | Date accessioned | Full call number | Barcode | Koha item type |
|---|---|---|---|---|---|---|---|---|
| Library of Congress Classification | Main Campus Library | Main Campus Library | 09/10/2015 | R 726 .B25 | 2015/008661 | General circulation |